Culture Générale - Série 2249 - Statistiques

Statistiques générales
  • Ce quiz a été pris 121 fois
  • Le résultat moyen est 6 sur 10
Statistiques - réponses
Question Réponse % Correct
Complétez l’expression «tirer le diable par la ....» : qui signifie «avoir du mal à finir ses fins de mois». queue
99%
Quel était le prénom du grand-père acteur de Mathilde et Emmanuelle Seigner ? Louis
97%
Quel roi de France a régné le plus longtemps ? Louis XIV
93%
En parlant d'une personne avare, quels animaux marins, dit-on, qu'elle a dans les poches ? oursins
79%
En parlant d'une femme enceinte, que dit-on vulgairement qu'elle a dans le tiroir : un .... (12 lettres commençant par " p ") polichinelle
77%
A quel peintre du XVIIe siècle doit-on La Ronde de nuit ? Rembrandt
49%
A quel animal associe-t-on Jean Buridan, philosophe français (1301-1358) ? âne
37%
Quel est le dernier écrivain français à avoir reçu le prix Nobel de littérature en 2014 ? prénom et nom - voir photo Patrick Modiano
27%
Dans la mythologie grecque, quel est le père du cyclone dont Ulysse creva l'oeil ? Poséidon
26%
Dans l'Odyssée , comment s'appelle le cyclope à qui Ulysse creva l'oeil ? Polyphème
25%
Aucun quiz correspondant
Distribution des résultats
% des personnes avec chaque résultat
Percentile par nombre de réponses
Votre historique - résultats
Vous n’avez pas pris ce quiz